Технология эфирномасличного производства: учебное пособие

Chi tiết về thư mục
Tác giả chính: Обухов А. Н.
Tác giả khác: Кондрацкий А. П.
Ngôn ngữ:Tiếng Nga
Được phát hành: Москва, Пищепромиздат, 1946
Những chủ đề:
Định dạng: MixedMaterials Sách
KOHA link:https://koha.lib.tpu.ru/cgi-bin/koha/opac-detail.pl?biblionumber=61136

MARC

LEADER 00000nam0a2200000 4500
001 61136
005 20231031062414.0
035 |a (RuTPU)RU\TPU\book\64688 
090 |a 61136 
100 |a 20040304d1946 m y0rusy50 ca 
101 0 |a rus 
102 |a RU 
105 |a a j 001zy 
200 1 |a Технология эфирномасличного производства  |e учебное пособие  |f А. Н. Обухов, А. П. Кондрацкий 
210 |a Москва  |c Пищепромиздат  |d 1946 
215 |a 391 с.  |c ил. 
320 |a Библиография в конце разделов. 
610 1 |a учебники 
610 1 |a технология 
610 1 |a изготовление 
610 1 |a эфирномасличное производство 
610 1 |a получение 
610 1 |a сырье 
610 1 |a контроль 
675 |a 662(075.8)  |v 3 
700 1 |a Обухов  |b А. Н. 
701 1 |a Кондрацкий  |b А. П. 
801 1 |a RU  |b 63413507  |c 20040304  |g PSBO 
801 2 |a RU  |b 63413507  |c 20210924  |g PSBO 
942 |c BK